| 000 | 01941aam a2200517 a 4500 | ||
|---|---|---|---|
| 001 | 000290831 | ||
| 003 | AR-BaBN | ||
| 005 | 20250704101056.0 | ||
| 007 | ta | ||
| 008 | 050715s1992 ag gr 001 0 spa | ||
| 015 | _aAR-1992 | ||
| 020 | _a9501231240 | ||
| 040 |
_aAR-BaBN _bspa _cAR-BaBN _eaacr |
||
| 044 |
_aag _car-c |
||
| 080 | 1 |
_a616.98:578.828 _22016 |
|
| 245 | 0 | 0 |
_aPsida : _bun enfoque integral / _cPedro Cahn ... [et al.] ; prólogo del Dr. Fernando Ulloa. |
| 250 | _a1a ed. | ||
| 260 |
_aBuenos Aires : _bPaidós, _c1992. |
||
| 300 |
_a253 p. ; _c22 cm. |
||
| 490 | 1 |
_aBiblioteca de Psiquiatría, Psicopatología y Psicosomática _v124 |
|
| 504 | _aBibliografía al final de algunos capítulos. | ||
| 650 | 4 |
_aPsicología _xPrevención |
|
| 650 | 4 |
_aSIDA (Enfermedad) _xPsicología |
|
| 700 | 1 |
_aCahn, Pedro, _d1947- |
|
| 700 | 1 |
_aUlloa, Fernando, _d1924-2008 _eprologuista _4aui |
|
| 830 | 0 |
_aBiblioteca de Psiquiatría, Psicopatología y Psicosomática (Paidós) _v124 |
|
| 930 | 1 |
_lBNA01 _mLIBRO _600156815 _820110912 _f11 _n000 _o000290831 |
|
| 930 | 1 |
_lBNA01 _mLIBRO _600938017 _820140407 _f11 _s02 _n000 _o000290831 |
|
| 942 |
_2cdu _cBK |
||
| 956 |
_aGSL _b00 _c20110915 _lBNA01 _h1831 |
||
| 956 |
_aGSL _c20130614 _lBNA01 _h1452 |
||
| 956 |
_aPSOMMA _b20 _c20140407 _lBNA01 _h1212 |
||
| 956 |
_aPSOMMA _b20 _c20140407 _lBNA01 _h1214 |
||
| 956 |
_aPSOMMA _b20 _c20140407 _lBNA01 _h1219 |
||
| 956 |
_aPSOMMA _b20 _c20140407 _lBNA01 _h1221 |
||
| 956 |
_aPSOMMA _b20 _c20140407 _lBNA01 _h1226 |
||
| 956 |
_aPSOMMA _b20 _c20140407 _lBNA01 _h1227 |
||
| 956 |
_aPSOMMA _b20 _c20140407 _lBNA01 _h1234 |
||
| 956 |
_aPSOMMA _b20 _c20140407 _lBNA01 _h1239 |
||
| 956 |
_aPSOMMA _b20 _c20140407 _lBNA01 _h1244 |
||
| 956 |
_aPSOMMA _b20 _c20140407 _lBNA01 _h1244 |
||
| 956 |
_aPSOMMA _b20 _c20140407 _lBNA01 _h1245 |
||
| 956 |
_aPSOMMA _b20 _c20140407 _lBNA01 _h1257 |
||
| 956 |
_aDVINAS _b20 _c20180712 _lBNA01 _h1501 |
||
| 956 |
_aNZEBALLOS _b20 _c20191220 _lBNA01 _h1415 |
||
| 999 |
_c6142 _d6142 |
||